La generación del 98

Zapisane w:
Opis bibliograficzny
1. autor: Shaw, Donald L (Autor)
Format: Książka
Język:hiszpański
Wydane: Madrid Eds. Cátedra 1980
Wydanie:3a. ed
Seria:Crítica y estudios literarios
Hasła przedmiotowe:
Etykiety: Dodaj etykietę
Nie ma etykietki, Dołącz pierwszą etykiete!

MARC

LEADER 00000nam a2200000 a 4500
001 UCX0436
003 CL-VaPUC
008 891018e19800000SP |||||||||||||||||spa|d
082 0 4 |a 860.9  |b SHA  |2 21 
100 0 |a Shaw, Donald L  |e author  |9 315855 
245 1 3 |a La generación del 98 
250 |a 3a. ed 
300 |a 304 p 
942 |c BK 
945 |d 19891018 00:00:00 
260 |a Madrid  |b Eds. Cátedra  |c 1980 
650 0 |a Literatura española  |9 306261 
650 7 |a HISTORIA Y CRITICA SIGLO 19  |2 CL-VaPUC  |9 269390 
583 |a last modification  |c 19891018 00:00:00  |k Rodrigo Vera 
490 0 |a Crítica y estudios literarios 
999 |c 222039  |d 222037 
952 |0 0  |1 0  |4 0  |6 860_900000000000000_SHA_1980  |7 0  |8 A  |9 216208  |a BIBEDU  |b BIBEDU  |d 2019-11-15  |i 2848066  |o 860.9 SHA 1980  |p 2848066  |r 2019-11-15  |w 2019-11-15  |y BK  |k LIT 
952 |0 0  |1 0  |4 0  |6 860_900000000000000_SHA_1980  |7 0  |8 A  |9 216209  |a BIBEDU  |b BIBEDU  |d 2019-11-15  |i 3270564  |o 860.9 SHA 1980  |p 3270564  |r 2019-11-15  |w 2019-11-15  |y BK  |k LIT 
952 |0 0  |1 0  |4 0  |6 860_900000000000000_SHA_1980  |7 0  |8 A  |9 216210  |a BIBEDU  |b BIBEDU  |d 2019-11-15  |i 3270572  |o 860.9 SHA 1980  |p 3270572  |r 2019-11-15  |w 2019-11-15  |y BK  |k LIT 
952 |0 0  |1 0  |4 0  |6 860_900000000000000_SHA_1980  |7 0  |8 A  |9 216211  |a FDOPOS  |b FDOPOS  |d 2019-11-15  |i 3734447  |o 860.9 SHA 1980  |p 3734447  |r 2025-01-22  |w 2019-11-15  |y BK  |k MLH 
952 |0 0  |1 0  |4 0  |6 860_900000000000000_SHA_1980  |7 0  |8 A  |9 216212  |a BIBCUR  |b BIBCUR  |d 2019-11-15  |i 3024180  |o 860.9 SHA 1980  |p 3024180  |r 2025-04-22  |w 2019-11-15  |y BK  |k BCB